Wallace Shawn Filmography - Statistics

General Stats
  • This quiz has been taken 22 times
    6 since last reset
  • The average score is 12 of 274
Answer Stats
Type Year Name % Correct
Film 1987 The Princess Bride
100%
Film 1995 Toy Story
60%
Video Game 1995 Toy Story
60%
Film 1999 Toy Story 2
60%
Film 2010 Toy Story 3
60%
Video Game 2010 Toy Story 3: The Video Game
60%
Film 2019 Toy Story 4
60%
Video Game 1996 Toy Story: The Video Game
60%
Film 2005 Chicken Little
40%
Film 1981 My Dinner with Andre
40%
Film 1995 A Goofy Movie
20%
Film 1979 All That Jazz
20%
Film 2013 A Master Builder
20%
Theater 1976 A Thought in Three Parts
20%
Film 1980 Atlantic City
20%
Theater 1985-1988, 1999, 2009-2010 Aunt Dan and Lemon
20%
Film 1995 Clueless
20%
TV Show 1996-1997 Clueless
20%
TV Show 2001, 2006, 2011 Family Guy
20%
Video Game 2006 Family Guy Video Game!
20%
TV Show 2008-2012 Gossip Girl
20%
Web Series 2021 Gossip Girl
20%
Film 2007 Happily N'Ever After
20%
Video Game 2019 Kingdom Hearts III
20%
Film 1979 Manhattan
20%
Film 2001 Monsters, Inc.
20%
Theater 1975, 1977 Our Late Night
20%
Film 2020 Rifkin's Festival
20%
Film 2006 Southland Tales
20%
Theater 1997, 2000, 2013 The Designated Mourner
20%
Theater 1990-1992, 2007 The Fever
20%
TV Show 2019 The Simpsons
20%
Documentary 2008 The Windmill Movie
20%
TV Short 2013 Toy Story of Terror!
20%
TV Short 2014 Toy Story That Time Forgot
20%
Short Film 2012 Toy Story Toons: Partysaurus Rex
20%
Film 1994 Vanya on 42nd Street
20%
TV Show 2018-2024 Young Sheldon
20%
Theater 1991-1992 Accidental Death of an Anarchist
0%
Film 2013 Admission
0%
TV Show 2013 Adventure Time
0%
Short Film 2009 After Today Live
0%
Film 2006 Air Buddies
0%
Film 2012 A Late Quartet
0%
Film 1982 A Little Sex
0%
Film 1996 All Dogs Go to Heaven 2
0%
TV Show 2001 Ally McBeal
0%
TV Show 2021, 2022 Amphibia
0%
Documentary 2013 Andre Gregory: Before and After Dinner
0%
Film 2017 Animal Crackers
0%
Film 2017 Another Kind of Wedding
0%
Documentary Series 1984 Arena
0%
Theater 1991-1992 At Our Table
0%
Theater 2019 Bad Seed
0%
TV Show 2019 Big City Greens
0%
TV Pilot 1998 Blind Men
0%
TV Mini-Series 2001 Blonde
0%
Theater 1991-1992 Blood Wedding
0%
Web Series 2014 BoJack Horseman
0%
Film 2018 Book Club
0%
TV Show 2022 Bubble Guppies
0%
TV Show 2019 Butterbean's Café
0%
Film 2000 Buzz Lightyear of Star Command: The Adventure Begins
0%
Film 1995 Canadian Bacon
0%
Documentary 2009 Capitalism: A Love Story
0%
TV Show 2008 Cashmere Mafia
0%
Film 2010 Cats & Dogs: The Revenge of Kitty Galore
0%
Film 1981 Cheaper to Keep Her
0%
TV Film 2014 Christmas at Cartwright's
0%
TV Show 1992 Civil Wars
0%
TV Short 2015 Club Penguin: Halloween Panic!
0%
TV Short 2014 Club Penguin: Monster Beach Party
0%
TV Film 2017 Cop and a Half: New Recruit
0%
TV Show 1999 Cosby
0%
TV Show 2014 Courage the Cowardly Dog
0%
Film 1984 Crackers
0%
Film 1997 Critical Care
0%
TV Show 2001-2006 Crossing Jordan
0%
TV Show 2010 Damages
0%
Short Film 2023 Dancing on the Silk Razor
0%
Film 1983 Deal of the Century
0%
TV Show 2005 Desperate Housewives
0%
Video Game 2013 Disney Infinity
0%
Video Game 2016 Disney Magic Kingdoms
0%
Video Game 2002 Disney Pixar Learning: 2nd & 3rd Grade
0%
Film 2014 Don Peyote
0%
Film 2016 Drawing Home
0%
Film 2003 Duplex
0%
TV Film 1993 Eligible Dentist
0%
TV Show 2009 ER
0%
TV Show 2020 Esme & Roy
0%
Documentary Series 2001 E! True Hollywood Story
0%
TV Show 2011, 2012 Eureka
0%
Theater 2015-2017 Evening at the Talk House
0%
Web Series 2022-2024 Evil
0%
Video Game 2012 Family Guy: Back to the Multiverse
0%
TV Show 2005 Fat Actress
0%
TV Show 2012 Fish Hooks
0%
Web Series 2019 Forky Asks a Question
0%
Theater 1967 Four Meals in Mayk
0%
Film 2010 Furry Vengeance
0%
Theater 1991-1992 Grand Kabuki
0%
Theater 2008, 2013 Grasses of a Thousand Colors
0%
TV Show 2017 Graves
0%
Film 1985 Head Office
0%
Film 1985 Heaven Help Us
0%
TV Show 1999 Homicide: Life on the Street
0%
Film 1996 House Arrest
0%
TV Film 1983 How to Be a Perfect Person in Just Three Days
0%
Theater 2005 Hurlyburly
0%
Film 2007 I Could Never Be Your Woman
0%
Theater 1991-1992 Invisible Play
0%
Film 2009 Jack and the Beanstalk
0%
TV Film 1995 Just Like Dad
0%
Film 1997 Just Write
0%
Short Film 1994 Kalamazoo
0%
TV Film 2004 Karroll's Christmas
0%
Commercial 2020 Keebler
0%
Video Game 2012 Kinect Rush: A Disney-Pixar Adventure
0%
TV Show 1997 King of the Hill
0%
Video Game 2015 King's Quest
0%
Film 2008 Kit Kittredge: An American Girl
0%
TV Show 2025 Krapopolis
0%
TV Show 2011-2016 Kung Fu Panda: Legends of Awesomeness
0%
TV Show 2009, 2018 Law & Order: Special Victims Unit
0%
TV Show 2006 Law & Order: Criminal Intent
0%
Video Game 2018 LEGO The Incredibles
0%
TV Show 2016 Life in Pieces
0%
TV Show 2009 Life on Mars
0%
Theater 1991-1992 Long Day's Journey into Night
0%
Film 1983 Lovesick
0%
Short Film 2002 Love Thy Neighbor
0%
Film 2015 Maggie's Plan
0%
Theater 1978 Marie and Bruce
0%
Film 2019 Marriage Story
0%
TV Show 1993 Matrix
0%
Commercial 2023 McDonald's
0%
Film 2004 Melinda and Melinda
0%
Film 2008 Mia and the Migoo
0%
Film 1984 Micki & Maude
0%
Film 1992 Mom and Dad Save the World
0%
TV Film 2003 Monte Walsh
0%
TV Show 2014-2018 Mozart in the Jungle
0%
TV Show 2017 Mr. Robot
0%
Film 1994 Mrs. Parker and the Vicious Circle
0%
TV Film 2002 Mr. St. Nick
0%
Theater 1991-1992 Murmuring Judges
0%
TV Show 1994, 1995, 1996, 1997 Murphy Brown
0%
Film 1999 My Favorite Martian
0%
Film 1995 Napoleon
0%
Theater 1991-1992 Napoli Milionaria
0%
Film 1987 Nice Girls Don't Explode
0%
Film 1992 Nickel & Dime
0%
TV Film 1998 Noah
0%
Documentary 2019 Noam Chomsky: Internationalism or Extinction
0%
TV Show 2017, 2018, 2019 OK K.O.! Let's Be Heroes
0%
TV Show 1992 One Life to Live
0%
Film 2002 Personal Velocity: Three Portraits
0%
TV Show 2014 Phineas and Ferb
0%
Film 1987 Prick Up Your Ears
0%
Theater 1991-1992 Racing Demon
0%
Film 1987 Radio Days
0%
Theater 2007 Rebel Voices
0%
TV Show 2016 Regular Show
0%
Theater 1991-1992 Richard III
0%
Film 2015 Robo-Dog
0%
TV Film 1983 Saigon: Year of the Cat
0%
Film 1989 Scenes from the Class Struggle in Beverly Hills
0%
Film 2008 Scooby-Doo! and the Goblin King
0%
Web Series 2020 Search Party
0%
TV Show 2004 Sex and the City
0%
Film 1991 Shadows and Fog
0%
TV Show 2017 She's Gotta Have It
0%
Film 1989 She's Out of Control
0%
Film 1980 Simon
0%
TV Show 1995 Something Wilder
0%
TV Show 2003 Stanley
0%
TV Show 2005 Stargate SG-1
0%
Film 1979 Starting Over
0%
TV Show 1993-1999 Star Trek: Deep Space Nine
0%
Documentary 2007 Strange Culture
0%
Film 1983 Strange Invaders
0%
Film 1981 Strong Medicine
0%
Web Series 2020, 2021 Summer Camp Island
0%
TV Pilot 2002 Sun Gods
0%
TV Show 1982, 1983 Taxi
0%
TV Show 2000-2002 Teacher's Pet
0%
Film 2004 Teacher's Pet
0%
TV Show 2002 Team Supremo
0%
Short Film 2010 Tea Time
0%
TV Pilot 2006 The 12th Man
0%
Theater 2006 The 24 Hour Plays 2006
0%
TV Show 2014 The 7D
0%
Film 2021 The Addams Family 2
0%
Film 1996 The Adventures of Pinocchio
0%
Film 1987 The Bedroom Window
0%
Film 1984 The Bostonians
0%
Web Series 2024 The Bravest Knight
0%
Web Series 2019-2020 The Bug Diaries
0%
Film 1993 The Cemetery Club
0%
Short Film 2025 The Clock
0%
TV Show 1987-1991 The Cosby Show
0%
Theater 1991-1992 The Coup
0%
Film 2001 The Curse of the Jade Scorpion
0%
TV Show 2010 The Daily Show with Jon Stewart
0%
Film 1999 The Diary of the Hurdy-Gurdy Man
0%
Film 2013 The Double
0%
Film 1992 The Double 0 Kid
0%
TV Show 1982 The Edge of Night
0%
Theater 1970 The Family Play
0%
Film 1983 The First Time
0%
Short Film 2014 The Fog of Courage
0%
Web Series 2018-2022 The Good Fight
0%
TV Show 2013, 2014, 2015 The Good Wife
0%
Film 2003 The Haunted Mansion
0%
Theater 1971 The Hospital Play
0%
Film 1984 The Hotel New Hampshire
0%
Theater 1970 The Hotel Play
0%
Film 2004 The Incredibles
0%
Video Game 2004 The Incredibles: The Video Game
0%
TV Film 1998 The Jungle Book: Mowgli's Story
0%
Documentary 2013 The Last Impresario
0%
TV Show 1998 The Lionhearts
0%
Theater 1991-1992 The Little Clay Cart
0%
TV Show 2008-2009 The L Word
0%
Theater 1991-1992 The Madness of King George
0%
Theater 1977-1978 The Mandrake
0%
Film TBA The Man Who Changed the World
0%
TV Show 2017, 2019 The Marvelous Mrs. Maisel
0%
Theater 1978 The Master and the Margarita
0%
Film 1993 The Meteor Man
0%
Theater 1991-1992 The Miser
0%
Film 1988 The Moderns
0%
TV Show 2014 The Mysteries of Laura
0%
TV Show 1994 The Nanny
0%
TV Show 2016 The Night Shift
0%
Film 2017 The Only Living Boy in New York
0%
TV Show 1993-1996 The Pink Panther
0%
Film 2001 The Prime Gig
0%
Video Game 2008 The Princess Bride Game
0%
Theater 1991-1992 The Resistible Rise of Arturo Ui
0%
TV Show 2008 The Return of Jezebel James
0%
Theater 1991-1992 The Sea
0%
Theater 1991-1992 The Shape of the Table
0%
Film 2011 The Speed of Thought
0%
Web Series 2016-2019 The Stinky & Dirty Show
0%
Theater 2006 The Threepenny Opera
0%
Theater 1991-1992 The Trackers of Oxyrhynchus
0%
Theater 1991-1992 The Trial
0%
Theater 1991-1992 The Visit
0%
Theater 1991-1992 The White Devil
0%
Film 1995 The Wife
0%
Theater 1991-1992 The Wind in the Willows
0%
Music Video 1984 This Is My Night
0%
TV Show 2001 Three Sisters
0%
Film 2020 Timmy Failure: Mistakes Were Made
0%
Film 2006 Tom and Jerry: Shiver Me Whiskers
0%
Video Game 1996 Toy Story Activity Center
0%
Theme Park Attraction 2008 Toy Story Midway Mania!
0%
Theater 2008-2016 Toy Story: The Musical
0%
Short Film 2011 Toy Story Toons: Hawaiian Vacation
0%
Short Film 2011 Toy Story Toons: Small Fry
0%
TV Show 1996 Toy Story Treats
0%
Web Series 2017, 2018 Trollhunters: Tales of Arcadia
0%
Film 1992 Unbecoming Age
0%
TV Show 2013 Uncle Grandpa
0%
Film 2012 Vamps
0%
Film 1997 Vegas Vacation
0%
Film 2021 Waiting for Godot
0%
Theater 2021 Waiting for Godot
0%
Film 1989 We're No Angels
0%
Documentary 2018 What We Left Behind: Looking Back at Star Trek: Deep Space Nine
0%
Theater 1991-1992 White Chameleon
0%
Theater 1991-1992 White Snow
0%
No matching quizzes found
Score Distribution
Percent of People with Each Score
Percentile by Number Answered
Your Score History
You have not taken this quiz since the last reset